Introducción a la ciencia política /
Bewaard in:
| Hoofdauteur: | |
|---|---|
| Andere auteurs: | |
| Formaat: | Texto |
| Taal: | Spanish |
| Gepubliceerd in: |
Barcelona:
ANAGRAMA
|
| Onderwerpen: | |
| Tags: |
Voeg label toe
Geen labels, Wees de eerste die dit record labelt!
|
MARC
| LEADER | 00000 a a2200000 04500 | ||
|---|---|---|---|
| 001 | 38991 | ||
| 003 | cru CIDCACS/IIS | ||
| 005 | 20231003151922.0 | ||
| 008 | 170323b xxu||||| |||| 00| 0 spa d | ||
| 040 | |c cru CIDCACS/IIS |a cru CIDCACS/IIS | ||
| 090 | |a 04.04.01 A142i | ||
| 100 | |a Abendroth, Wolfgang | ||
| 245 | |a Introducción a la ciencia política / |c Wolfgang Abendroth | ||
| 260 | |a Barcelona: |b ANAGRAMA | ||
| 300 | |a 373 p. | ||
| 500 | |a Titulo original de la obra: Einführung in die politische wissenschaft | ||
| 650 | |a CIENCIA POLITICA | ||
| 650 | |a POLITOLOGOS | ||
| 650 | |a INVESTIGACION | ||
| 650 | |a HISTORIA | ||
| 650 | |a METODOLOGIA | ||
| 700 | |a Lenk, Kurt |a Faber-kaiser, Miguel |a tr. | ||
| 852 | 1 | 1 | |2 04.04.01 A142i |a 04.04.01 A142i |
| 942 | |2 z |c LI |h 04.04.01 A142i |i 05970 |6 040401_A142I_05970 | ||
| 999 | |c 13141 |d 13141 | ||
